000 00508nam a2200181Ia 4500
008 100917s9999 xx 000 0 und d
082 _b35633
100 _aअत्रे प्रभाकर
245 _aकाश्मीरी शाल
260 _bपराग प्रकाशन
_c1979
300 _a200
365 _b15
520 _aकथा
630 _aकाश्मीरी शाल
650 _aकथा
730 _aकाश्मीरी शाल
942 _cBOOK
999 _c641027
_d641024